The English church, 1000-1066 : a history of the later Anglo-Saxon church /

Bibliographic Details
Main Author: Barlow, Frank
Format: Book
Language:English
Published: London ; New York : Longman, 1979.
Edition:2d ed.
Subjects:

MARC

Tag First Indicator Second Indicator Subfields
LEADER 00000pam a2200000 i 4500
001 in00000079442
005 20151008052847.0
008 781130s1979 enkb b 00110 eng
010 |a  78040984  
015 |a GB79 
020 |a 0582490499 
035 |a (OCoLC)04514947 
035 |9 AAH5202AM 
040 |a DLC  |c DLC  |d TXA  |d UtOrBLW 
043 |a e-uk-en 
049 |a TXAM  |c [981066] 
050 0 0 |a BR749  |b .B3 1979 
082 0 |a 274.2 
100 1 |a Barlow, Frank. 
245 1 4 |a The English church, 1000-1066 :  |b a history of the later Anglo-Saxon church /  |c Frank Barlow. 
250 |a 2d ed. 
264 1 |a London ;  |a New York :  |b Longman,  |c 1979. 
300 |a xii, 354 pages :  |b maps ;  |c 24 cm. 
336 |a text  |b txt  |2 rdacontent 
337 |a unmediated  |b n  |2 rdamedia 
338 |a volume  |b nc  |2 rdacarrier 
500 |a "A Longman paperback". 
504 |a Includes bibliographical references and index. 
651 0 |a England  |x Church history  |y 449-1066. 
999 |a MARS 
999 f f |s 5e1b25b1-1724-3a31-bacb-661ef595ed1d  |i 11c1c98c-e403-3f0b-a550-4508fbf4772f  |t 0 
952 f f |p ric  |a Texas A&M University  |b Rellis Campus  |c Joint Library Facility  |d Remote Storage  |t 0  |e BR749 .B3 1979  |h Library of Congress classification  |i unmediated -- volume  |m A14801770875 
998 f f |a BR749 .B3 1979  |t 0  |l Remote Storage